000 00350nam a2200133 a 4500
005 20140414132105.0
008 100901s19uu xx 00 eng d
050 _aFIC
_bSt5d 2007
100 _aStilton, Geronimo
245 _aDiscovery of America (The).
260 _aNew York :
_bScholastic,
_c2007.
440 _aGeronimo Stilton
999 _c114588
_d114588